तेलंगाना संस्कृत साहित्य तरंगिणी (Record no. 1432879)

MARC details
000 -LEADER
fixed length control field 01091nam a22002297a 4500
005 - DATE AND TIME OF LATEST TRANSACTION
control field 20250624132602.0
008 - FIXED-LENGTH DATA ELEMENTS--GENERAL INFORMATION
fixed length control field 250624b |||||||| |||| 00| 0 eng d
020 ## - INTERNATIONAL STANDARD BOOK NUMBER
International Standard Book Number 978-81-930790-3-4 (pbk)
037 ## - SOURCE OF ACQUISITION
Terms of availability TB
040 ## - CATALOGING SOURCE
Original cataloging agency CRL
Transcribing agency CRL
041 ## - LANGUAGE CODE
Source of code san
Language code of text/sound track or separate title san
084 ## - COLON CLASSIFICATION NUMBER
Classification number O15v216T R4
245 ## - TITLE STATEMENT
Title तेलंगाना संस्कृत साहित्य तरंगिणी
260 ## - PUBLICATION, DISTRIBUTION, ETC.
Place of publication, distribution, etc. हैदराबाद, भारत:
Name of publisher, distributor, etc. डिपार्ट्मन्ट ऑफ संस्कृत,
Date of publication, distribution, etc. 2024.
300 ## - PHYSICAL DESCRIPTION
Extent 246पृ.
365 ## - TRADE PRICE
Price amount 500.00
Currency code INR
650 ## - SUBJECT ADDED ENTRY--TOPICAL TERM
Topical term or geographic name entry element साहित्य तरंगिणी
9 (RLIN) 814451
650 ## - SUBJECT ADDED ENTRY--TOPICAL TERM
Topical term or geographic name entry element संस्कृत साहित्य
700 ## - ADDED ENTRY--PERSONAL NAME
Personal name वेंकटेसवारलु, के.
Relator term संपादक
9 (RLIN) 814452
942 ## - ADDED ENTRY ELEMENTS (KOHA)
Source of classification or shelving scheme Colon Classification (CC)
Koha item type Textual
Classification part O15v216T R4
Suppress in OPAC No

No items available.

Copyright @ Delhi University Library System